000 010620000a22002170004500
020 _a84-7228-477-8
041 0 _aSPA
082 0 4 _aG 173 W9471c
100 1 _aWright, H. Norman
245 1 0 _aComunicación : La clave para entender a nuestros adolescentes / Norman Wright, Rex Johnson ; Xavier Vila, Traductor
260 _aTerrassa, Barcelona, España : CLIE
300 _a160 Pag.
500 _aTítulo original : Communication - key to your teens
505 0 0 _aUsted y su familia -- ¿qué es un buen padre? -- cómo tener confianza en el adolescente -- el ambiente de su hogar -- los adolescentes que son un problema -- los amigos de él y los de usted -- frecuencias distintas -- póngase los auriculares -- guías de comunicación -- conflicto creativo constructivo -- algunas áreas conflictivas -- sentido de responsabilidad
650 1 4 _aVIDA FAMILIAR \ RELACIONES DE FAMILIA \ PADRES E HIJOS
001 1278
942 _cBK
999 _c32601
_d32601
336 _atexto
_btxt
_2rdacontent
337 _2rdamedia
_asin mediación
_bn
338 _2rdacarrier
_avolumen
_bnc